000 00680nam a22002177a 4500
010 _aA-462545
020 _a9230023094
035 _aA-462545
037 _bCen Lib / Ret
040 _aDPL
_bEN
082 _a597
_bWHI
245 _aFishes of the north-eastern Atlantic and the Mediterranean /
_cedited by J. P. Whitehead... [et al]
260 _aParis
_bUnesco
_c1986
270 _a7 Place de fontenoy
_bParis
300 _a(v 3. 1015-1473)
_b27cm(Hb)
650 _aMarine fishes -- Mediterranean Sea.
650 _aMarine fishes -- North Atlantic Ocean.
650 _aMarine fishes.
700 _aWhitehead, P. J. P.
942 _2ddc
_cEN
_h597
_mWHI
999 _c136975
_d136975